000 00638nam a2200241Ia 4500
003 OSt
005 20220924113146.0
006 a|||||r|||| 00| 0
007 ta
008 220923b |||||||| |||| 00| 0 eng d
024 _a139126
037 _cDictionary
040 _aARTS
_cARTS
_beng
041 _2eng
_aeng
082 _aX:9wk, L2.1
100 _aBellamy J M
_9169596
245 0 _aDicitionary of labour biography
260 _aN
_bJersey Augustus M Kelley
_c1972
650 _aECONOMICS
700 _a Saville J
942 _hX:9wk, L2.1
_cdic
_2cc
999 _c389396
_d389396